| 000 | 00601nam a2200121Ia 4500 | ||
|---|---|---|---|
| 008 | 171212s9999 xx 000 0 und d | ||
| 020 | _a9780833081087 | ||
| 100 | _aDavis, Lois M.;Bozick, Robert;Steele, Jennifer L.;Saunders, Jessica;Miles, Jeremy N. V. | ||
| 245 |
_cDavis, Lois M.;Bozick, Robert;Steele, Jennifer L.;Saunders, Jessica;Miles, Jeremy N. V. _aEvaluating the Effectiveness of Correctional Education _bA Meta-Analysis of Programs That Provide Education to Incarcerated Adults |
||
| 260 |
_bRAND Corporation _c2013 |
||
| 650 | _aEducation | ||
| 856 | _uwww.jstor.org/stable/10.7249/j.ctt4cgdz5 | ||
| 999 |
_c352028 _d352028 |
||